00850nam a2200289 4500003000400000005001700004008004100021020001500062020001800077040001800095050001500113100002600128245006000154264004200214300001800256336002200274337002400296338002400320500002800344650003200372650002300404650003600427650003100463650003500494942001400529999001700543OSt20260601193525.0260508b2007 |||ao||| |||| 001 0 eng d a1856695069 a9781856695060 aICIbspacICI aTS171bL44 1aLefteri, Chris935683 1aMaking it:bManufacturing Techniques for Product Design bLawrence King Publishingc2007aChina a240 páginas atexto2rdacontent asin medio2rdamedia avolumen2rdacarrier aUn libro extraordinario aiseño de productos935684 aManufactura935685 aProcesos de fabricació935686 aDiseño industrial935687 aMateriales industriales935688 2lcccBn1 c21165d21165